A carregar...
My Apprenticeship
| Autor principal: | |
|---|---|
| Formato: | Printed Book |
| Publicado em: |
NewDelhi;
Penguin Books;
1926
|
| Edição: | 1st |
| Assuntos: |
| LEADER | 00508nam a22001577a 4500 | ||
|---|---|---|---|
| 020 | |a 0 14 00.3220 7 | ||
| 082 | |a 823 |b WEB/M F6 | ||
| 100 | |a Webb, Beatrice |9 178150 | ||
| 245 | |a My Apprenticeship | ||
| 250 | |a 1st | ||
| 260 | |a NewDelhi; |b Penguin Books; |c 1926 | ||
| 300 | |a 425p. | ||
| 650 | |a Fiction; English Literature |9 298830 | ||
| 942 | |c BK | ||
| 999 | |c 65077 |d 65077 | ||
| 952 | |0 0 |1 0 |4 0 |6 823_000000000000000_WEB_M_F6 |7 0 |8 ENGF |9 77726 |a MAL |b MAL |d 2016-10-15 |e 20602 |l 0 |o 823 WEB/M F6 |p MAL020602 |r 2016-10-15 |t 1 |w 2016-10-15 |y BK | ||